Statistics for Complete the Card - WWE Royal Rumble 2001

Click here to take the quiz!

General Stats

  • This quiz has been taken 425 times
  • The average score is 10 of 11

Answer Stats

Answer% Correct
Stone Cold Steve Austin
96%
Triple H
95%
Edge
89%
Bubba Ray Dudley
88%
Christian
88%
D-Von Dudley
88%
Chris Jericho
86%
Kurt Angle
84%
Chris Benoit
82%
Chyna
81%
Ivory
74%

Score Distribution

Percentile by Number Answered

Percent of People with Each Score

Your Score History

You have not taken this quiz